000 00831nam a2200241 a 4500
001 BRCA_8312
005 20190320210225.0
008 230614s1950----nyua###f##---#000-0#eng-#
041 _aeng
044 _anyu
050 4 _aNK2528
_b.B33 1950
100 1 _aBackett, Oliver
_920752
245 1 0 _aEnglish furniture illustrated
_ba pictorial review of english furniture from Chaucer to Queen Victoria
_cby Oliver Backett, revised and edited by H. Clifford Smith.
260 _aNueva York
_bMacmillan
_c1950
300 _a300 p.
_bil., 239 láminas
_c32 cm.
500 _aS138
650 1 4 _aMuebles ingleses
_xHistoria
_91986
650 1 4 _aMuebles ingleses
_vEtapa Victoriana
_920753
650 1 4 _aMuebles ingleses
_xColeccionistas y colecciones
_920754
700 1 _aClifford Smith, H.
_eed.
_920755
902 _aGFM
942 _2lcc
_cB
999 _c7980
_d7980